| 000 | 00406nam a2200145Ia 4500 | ||
|---|---|---|---|
| 008 | 151213s9999 xx 000 0 und d | ||
| 100 | _aMuhajmmad Enamul Haq | ||
| 245 |
_aMuhammad Shahidulla Felicitation Volume _cMuhajmmad Enamul Haq |
||
| 260 |
_aDhaka _bAsiatic Socitey _c1966 |
||
| 300 | _a7184 p. | ||
| 650 | _aBangla | ||
| 650 | _aBangla Literature | ||
| 700 | _aMuhajmmad Enamul Haq | ||
| 999 |
_c3822 _d3822 |
||